German Speaking Countries Sudden Death - Statistics

General Stats
  • This quiz has been taken 111 times
  • The average score is 4 of 6
Answers on the Grid
Answers color-coded by a green-red scale on the quiz's grid according to % correct below.
Austria
Bavaria
Belgium
Czechia
Denmark
East Prussia
Germany
Hungary
Jan Mayen
Liechtenstein
Luxembourg
Namibia
Namibia
North Sentinel Island
Poland
South Tyrol
Switzerland
Tanzania
The Netherlands
Togoland
 
Answer Stats
Answer % Correct
Austria
93%
Germany
85%
Liechtenstein
63%
Switzerland
58%
Belgium
53%
Luxembourg
45%
No matching quizzes found
Score Distribution
Percent of People with Each Score
Percentile by Number Answered
Your Score History
You have not taken this quiz